000
00271nam a2200109Ia 4500
001
1272243
005
20260417151424.0
008
260417s9999 xx 000 0 und d
020
_a
9786258094138
245
0
_a
Eve Dönüş Yolu
_c
Oliver Jeffers
260
_b
Ketebe Çocuk
999
_c
1272243
_d
1272243